Sports Quiz

Random Sports or Basketball Quiz

Lakers 1st and 2nd picks from 1990-2009 Quiz Stats

 Plays Quiz not verified by Sporcle

Challenge
Share
Tweet
Embed
Score 0/35 Timer 09:00
0 Plays Today
Year Player % Correct
2005Andrew Bynum
81%
1996Derek Fisher
71.5%
2006Jordan Farmar
66.6%
2003Luke Walton
65.6%
1994Eddie Jones
59.8%
1991Anthony Jones
59.5%
2004Sasha Vujacic
59.2%
1990Elden Campbell
42.3%
1999Devean George
35.3%
1990Tony Smith
31%
2003Brian Cook
30.1%
2007Marc Gasol
29.4%
2007Javaris Crittenton
29.1%
1992Anthony Peeler
28.8%
2005Ronny Turiaf
28.2%
2000Mark Madsen
27.3%
2007Sun Yue
27%
1993Nick Van Exel
21.8%
Year Player % Correct
1993George Lynch
20.2%
2009Toney Douglas
15.6%
1998Sam Jacobson
11.3%
2008Joe Crawford
11.3%
2005Von Wafer
10.1%
1999John Celestand
8.3%
2009Chinemelu Elonu
6.7%
1992Duane Cooper
6.1%
2009Patrick Beverley
6.1%
1995Frankie King
4.6%
1998Ruben Patterson
4.6%
2004Marcus Douthit
4%
2002Chris Jefferies
3.7%
2006Cheikh Samb
3.7%
1998Toby Bailey
3.4%
1997Paul Rogers
3.1%
1997DeJuan Wheat
2.1%

You're not logged in!

Compare scores with friends on all Sporcle quizzes.
Join for Free
OR
Log In

You Might Also Like...

Show Comments

Extras

Top Quizzes Today


Score Distribution

Your Account Isn't Verified!

In order to create a playlist on Sporcle, you need to verify the email address you used during registration. Go to your Sporcle Settings to finish the process.

Report this User

Report this user for behavior that violates our Community Guidelines.

Details: